[Event "World-ch Tournament"]
[Site "Mexico City"]
[Date "2007.09.24"]
[Round "10"]
[White "Gelfand, Boris"]
[Black "Leko, Peter"]
[Result "1/2-1/2"]
[WhiteElo "2733"]
[BlackElo "2751"]
[Annotator "Marin,M"]
[PlyCount "47"]
[EventDate "2007.09.13"]
[EventType "tourn"]
[EventRounds "14"]
[EventCountry "MEX"]
[EventCategory "21"]
[SourceTitle "CBM 120"]
[Source "ChessBase"]
[SourceDate "2007.10.02"]
[SourceVersion "1"]
[SourceVersionDate "2007.10.02"]
[SourceQuality "1"]

1. d4 Nf6 2. c4 e6 3. g3 d5 4. Bg2 Be7 5. Nf3 O-O 6. O-O dxc4 7. Qc2 a6 8. Qxc4
b5 9. Qc2 Bb7 10. Bd2 Be4 11. Qc1 Qc8 {Quite logical. Once Kramnik has shown
the best way to meet the Catalan, a new trend of fashion has been opened.
Until Kramnik will have this position with White, of course. Bastante lógico.
dado que Kramnik había mostrado unos días antes como hay que jugar contra la
Catalana, una nueva tendencía de la moda se ha abierto. Hasta que a Kramnik le
toque jugar esta variante con blancas, por supuesto.} 12. Bg5 Nbd7 13. Nbd2 Bb7
14. Nb3 ({Deviating from the slightly premature Desvíandose de la algo
premátura} 14. Bxf6 {, as played in Aronian - Kramnik, few days earlier. ,
como se jugó en Aronian-Kramnik.}) 14... a5 15. Rd1 $146 {I had recommended
this logical move in my comments to the game Shirov,A (2699)-Onischuk,A (2663)/
Foros 2007/CBM 119/[Marin,M] (1/2-1/2, 42).} Bd5 {But this is a new move for
me, too, and a strong one I must admit. Black does not rush in, but continues
improving the position of his pieces. Among others, the b7-square is cleared
for the queen.} ({I only investigated the consequences of the immediate} 15...
a4) 16. Ne5 {White has a wide choice here, but there seems to be no clear way
to even some minimal advantage.} (16. Nc5 Nxc5 17. Bxf6 {fails to} Nb3 $1 18.
axb3 Bxf6 $15 {[%csl Yb2,Yb3]}) (16. Bxf6 Bxf6 17. Nc5 Nxc5 18. Qxc5 Qb7 {
Black's excellent development and the active placement of his bishops prevents
White from taking advantage of the (relatively unstable) blockade on c5.} 19.
Rac1 Rac8 20. a3 a4 21. Ne1 Rfd8 $1 {and Black might break with ...e5 soon,
putting the b2-pawn in danger.}) (16. Ne1 Qb7 $1 17. Bxd5 Qxd5 {Again, Black's
activity compensates for the weaknesses along the c-file. For instance, the
generally desirable} 18. Nd3 a4 19. Nbc5 {gives up a pawn to} Qxd4 {, when it
is far from easy to prove concrete compensation:} 20. Nxd7 Qxd7 21. Ne5 Qc8 22.
Nc6 Qe8) 16... Bxg2 17. Kxg2 a4 (17... Nxe5 18. dxe5 Nd5 19. e4 Bxg5 20. Qxg5
Nb6 21. Nc5 {might offer White some advantage, becaue of his stable knight,
but it remains an open question whether this is something real after} Rd8) 18.
Nc5 ({The occupation of the c6-square with} 18. Nc6 {is premature because of}
Qb7 {when the complications initiated by} 19. Nba5 Rxa5 20. Kg1 Ra6 21. Nxe7+
Kh8 22. Bxf6 Nxf6 (22... gxf6 $2 23. d5 $1 $16 {and Black will not manage to
keep the knight trapped.}) 23. Qc5 {[%csl Gf8][%cal Ye7g6]} Nd7 $1 24. Qb4 c6
$17 {[%csl Ge7]}) ({As usual, I am slightly reluctant to recommend} 18. Bxf6 {
, which allows the activation of the enemy bishop with} Bxf6 (18... Nxf6 19.
Nc5 $14) {for instance:} 19. Nxd7 Qxd7 20. Nc5 Qc6+ 21. Kg1 Rfd8 $132 {[%cal
Yf6b2] and again Black's better development compensates for the (unstable)
blockade.}) 18... Bxc5 19. Bxf6 Bb6 $1 (19... gxf6 20. Nxd7 Qxd7 21. Qxc5 $16)
(19... Bxd4 20. Nxd7 Bxf6 21. Nxf8 $14) 20. Bg5 ({Against the seemingly lethal
Contra la aparente letal} 20. Nxd7 Qxd7 21. Qg5 {, Black can defend with las
negras pueden defender con} Qd5+ 22. Qxd5 exd5 {, when the relative weakness
of the c7-pawn is compensated by the fact that White's bishop cannot find an
active diagonal easily. However, there might be some play left here: cuando la
relativa debilidad del peón de c7 esta compensada por la flata de diagonales
activas para el alfil blanco.} 23. Bg5 Rfe8 24. Kf3 Re6 25. Rac1 Rae8 26. Rc2 {
[%cal Yg5f4,Yd1c1]}) (20. Bxg7 {would lead to a draw by perpetual slightly
sooner than in the game. llevaría a tablas por perpetúo un poco más rápido que
en la partida.}) 20... Nxe5 (20... f6 {was an interesting alternative.} 21. Nc6
{This tempting move allows an unexpected tactical trick.} (21. Nxd7 Qxd7 22.
Be3 Qd5+ 23. f3 {does not seem to offer an advantage either against Black's
active piece placement.}) 21... Qb7 22. Be3 Bxd4 $1 (22... Nb8 23. d5 $1) 23.
Kg1 Bxe3 24. Qxe3 Qxc6 25. Rac1 Qb6 $1 26. Rxd7 Qxe3 27. fxe3 {White's active
rooks compensate for the missing pawn, but then the e-pawns are weak. Black is
at least not worse here.}) 21. dxe5 {The position is interesting. Black has
the better pawn structure, but cannot fight for the d-file while the enemy
bishop is on g5.} h6 {Safest.} (21... c5 $5) 22. Bxh6 gxh6 23. Qxh6 Rd8 24.
Qg5+ 1/2-1/2

[Event "Dortmund SuperGM 40th"]
[Site "Dortmund"]
[Date "2012.07.17"]
[Round "5"]
[White "Meier, Georg"]
[Black "Leko, Peter"]
[Result "1/2-1/2"]
[WhiteElo "2644"]
[BlackElo "2730"]
[Annotator "Marin,M"]
[PlyCount "47"]
[EventDate "2012.07.13"]
[EventType "tourn"]
[EventRounds "9"]
[EventCountry "GER"]
[EventCategory "19"]
[SourceTitle "CBM 150"]
[Source "ChessBase"]
[SourceDate "2012.09.14"]
[SourceVersion "1"]
[SourceVersionDate "2012.09.14"]
[SourceQuality "1"]

1. d4 Nf6 2. c4 e6 3. g3 d5 4. Nf3 Be7 5. Bg2 O-O 6. O-O dxc4 7. Ne5 Nc6 8.
Bxc6 bxc6 9. Nxc6 Qe8 10. Nxe7+ Qxe7 11. Qa4 e5 12. dxe5 Qxe5 13. Qxc4 Be6 14.
Qc2 Bf5 15. Qd2 Bh3 (15... Rfe8 {Kramnik,V (2790)-Leko,P (2734)/Dortmund 2010/
CBM 138/[Marin,M] (1/2, 47)}) 16. Re1 Rad8 17. Qc3 Qd5 18. f3 Rfe8 19. Na3 Qb7
$5 $146 {[%cal Ge8e2] Clearing the d-file in order to create the threat 20...
Rxe2! -+ 21.Rxe2 Rd1+ 22.Re1 Rxe1+ 23.Qxe1 Qxf3, with mate on f1 or g2 in view.
} (19... Ne4 {1-0 Stanojoski,Z (2481)-Sigalas,F (2199)/Kavala 2006/CBM 113 ext
(40)}) 20. Qb3 {Starting the peace negotiations.} ({He could have tried} 20.
Nc4 $5 {, which would prepare the knight for defending f1 and g2 in the end of
the threatened line.}) 20... Qa6 21. Qb5 Qe6 22. Qb3 Qa6 23. Qb5 Qe6 24. Qb3
1/2-1/2

[Event "Dortmund SuperGM 40th"]
[Site "Dortmund"]
[Date "2012.07.19"]
[Round "6"]
[White "Leko, Peter"]
[Black "Karjakin, Sergey"]
[Result "1/2-1/2"]
[WhiteElo "2730"]
[BlackElo "2779"]
[Annotator "Marin,M"]
[PlyCount "66"]
[EventDate "2012.07.13"]
[EventType "tourn"]
[EventRounds "9"]
[EventCountry "GER"]
[EventCategory "19"]
[SourceTitle "CBM 150"]
[Source "ChessBase"]
[SourceDate "2012.09.14"]
[SourceVersion "1"]
[SourceVersionDate "2012.09.14"]
[SourceQuality "1"]

1. d4 Nf6 2. c4 e6 3. g3 d5 4. Nf3 Be7 5. Bg2 O-O 6. O-O dxc4 7. Qc2 a6 ({
For those who intend to meet 7...a6 with 8.a4, as Leko did in this game, it is
important to know how to deal with Salgado's} 7... b5 {, which has had
somethig of a burst of popularity lately. (Otherwise, White can play 7.Qa4,
transposing to the main lines after 7...a6 8.Qxc4).} 8. a4 b4 9. Nfd2 (9. Nbd2
{Ragger,M (2614)-Vallejo Pons,F (2707) Aix-les-Bains 2011 CBM 142 [Marin,M] (1/
2, 40)}) (9. Ne5 {Shimanov,A (2550)-Salgado Lopez,I (2630) Aix-les-Bains 2011
CBM 142 [Marin,M] (0-1, 19)}) 9... c6 10. Nxc4 {Gelfand,B (2733)-Ponomariov,R 
(2743) Olginka 2011 CBM 142 [Ponomariov] (1/2, 33)}) 8. a4 Bd7 9. Qxc4 Bc6 10.
Bg5 {The old main line.} ({Lately, there have been some intense discussions in
the line introduced by} 10. Bf4 a5 (10... Bd6 11. Bg5 {1/2 Tomashevsky,E (2738)
-Aronian,L (2825)/Moscow 2012/CBM 149/[Marin,M] (25)}) 11. Nc3 Na6 12. Rac1 (
12. Ne5 {0-1 Gelfand,B (2744)-Karjakin,S (2763)/Moscow 2011/CBM 146/[Karjakin]
(59)}) 12... Nb4 13. Ne5 Bxg2 14. Kxg2 Nfd5 (14... Nh5 {1/2 Pelletier,Y (2584)
-Beliavsky,A (2616)/Rogaska Slatina 2011/CBM 145/[Pelletier] (59)}) 15. Nxd5
Qxd5+ 16. Qxd5 Nxd5 17. Bd2 {1-0 Wang Yue (2709)-Onischuk,A (2675)/Ningbo 2011/
CBM 144/[Marin,M] (29)}) 10... Bd5 11. Qd3 c5 ({Another possible continuation
is} 11... Be4 {, but after} 12. Qe3 {the queen stands well for fighting
against the freeing ...c7-c5.}) 12. Nc3 Bc6 13. Rfd1 Qa5 $5 {A developing move
which does not give up the tension yet.} ({The most popular continuation is} 
13... cxd4 14. Nxd4 Bxg2 15. Kxg2 {Here are two games which had been annotated
for CBM in the past:} h6 (15... Nbd7 {0-1 Kozul,Z (2585)-Beliavsky,A (2650)/
Portoroz 1999/CBM 072/[Ribli] (30)}) 16. Bxf6 Bxf6 17. Ne4 {1-0 Kozul,Z (2585)
-Nikolic,P (2635)/Sarajevo 1998/CBM 066/[Ribli] (61)}) 14. Ne5 $146 {White
tries to take advantage of the fact that the last move has reduced the
pressure against the d4-pawn.} (14. Bd2 {fails to make Her Majesty feel
uncomfortable:} cxd4 15. Nb5 (15. Nxd4 Bxg2 16. Kxg2 Nbd7 17. e4 Qb6 18. a5 Ne5
19. Qe3 Qc7 $11 {Ilincic,Z (2563)-Beliavsky,A (2654)/Belgrade 2000/CBM 080 (1/
2, 44)}) 15... Qb6 16. Nbxd4 Be4 17. Qe3 Nbd7 18. a5 (18. Bc3 Bc5 19. a5 Qc7 {
Kavutskiy,K (2303)-Akopyan,H (2233)/Los Angeles 2011/CBM 146 Extra (1-0, 51)})
18... Qd8 (18... Qc7 19. Rac1) (18... Qa7) 19. Bc3 Bd5 20. Rac1 Re8 21. Be1 Bd6
22. b4 Qe7 23. b5 Bc5 {Moradiabadi,E (2575)-Gundavaa,B (2472)/Guangzhou 2010/
CBM 139 Extra (0-1, 54)}) (14. Qc4 {led to quick simplifications and a draw:}
cxd4 15. Bxf6 Bxf6 16. Nxd4 Bxd4 17. Rxd4 Bxg2 18. Kxg2 Nc6 19. Rd7 Rab8 20.
Qf4 Qb6 21. Rb1 Ne5 {1/2 Meier,G (2648)-Kasimdzhanov,R (2699)/Sestao 2010/CBM
138}) ({Or} 14. dxc5 {with similar consequences:} Nbd7 15. e4 Bxc5 16. Be3 Bxe3
17. Qxe3 Rfd8 18. Rd4 Ne5 19. b4 Nxf3+ 20. Bxf3 Qe5 21. Rad1 Rxd4 22. Rxd4 Rc8
23. Be2 h6 24. f4 Qc7 25. b5 Bxb5 $1 $11 {Beliavsky,A (2618)-Lutz,C (2591)/
Germany 1999/EXT 2000 (1/2, 36)}) 14... Bxg2 15. Kxg2 cxd4 16. Qxd4 {White has
a lead in development and a centralised position. However, his stability looks
a bit shaky in view of Black's next move.} Rd8 17. Qc4 $5 {A piece sacrifice,
leading to fascinating tactical play. One would expect that Leko had analysed
this position at home, but what about Karjakin? Did he find all the defences
over the board, or it was just a "theoretical draw" all the way?} (17. Nc4 {
does not achieve much:} Rxd4 $1 ({Only not} 17... Qc7 $2 18. Qb6 $1 $16 {
, when the c4-knight is taboo because of the back rank weakness:} Qc6+ 19. f3
Rxd1 $6 20. Rxd1 Qxc4 $2 21. Rd8+ Bf8 22. Rxf8+ $1 Kxf8 23. Qd8+ Ne8 24. Qe7+)
18. Nxa5 Rb4) 17... Qxe5 18. Rxd8+ Bxd8 19. Bf4 Qa5 $8 {The only way to limit
the damages created by White's next move.} 20. Qc8 {/\Qxb7} Qb6 $8 (20... e5
21. Rd1 $1 Nbd7 22. Qxa8 exf4 23. Qxb7 $16) (20... g5 21. Bxg5 Kg7 22. Qxb7
Qxg5 23. Qxa8 $14) 21. f3 $1 {[%csl Gg2] /\Rd1} (21. Bxb8 Qd6 22. Bxd6 Rxc8 $11
) (21. Rd1 $2 Qc6+ $1 $19) 21... g5 $1 {It is essential to clear an escape
square for the king.} (21... e5 $2 {does not sonctribute to this and White
gets a fantastic ending after} 22. Bxe5 Nc6 23. Qxa8 Nxe5 24. Rd1 Nc6 25. b4 $5
Qxb4 26. Rxd8+ Nxd8 27. Qxd8+ Qf8 28. Qc7 Qa8 29. g4 $16) 22. a5 $1 {An
important intermediate move, overloading the queen.} (22. Be5 $2 {does not
work anymore, since Black has solved his back rank problems:} Nc6 23. Qxa8 Nxe5
24. Rd1 Nc6 25. b4 Qxb4 26. Rxd8+ Nxd8 27. Qxd8+ Kg7 $17) (22. Bxb8 Qd6 $11) (
22. Bxg5 Kg7 $8) 22... Nc6 $1 {Once again, the only saving move!} 23. Qxa8 Qxb2
{White is temporarily an exchange up, but all his pieces are hanging.} 24. Bxg5
Kg7 (24... Qxa1 $2 25. Bxf6 Qxa5 26. Ne4 $16) (24... Qxc3 25. Rd1 Kg7 {
transposes to the game}) 25. Rd1 Qxc3 26. Rxd8 Nxd8 27. Qxd8 Nd5 {The game has
calmed down and in view of the exposed position of both kings, a draw by
perpetual check is almost inevitable.} 28. e4 Ne3+ 29. Bxe3 Qxe3 30. g4 Qe2+
31. Kg3 Qe1+ 32. Kg2 Qe2+ 33. Kg3 Qe1+ 1/2-1/2

[Event "Moscow Tal Memorial 7th"]
[Site "Moscow"]
[Date "2012.06.09"]
[Round "2"]
[White "Tomashevsky, Evgeny"]
[Black "Aronian, Levon"]
[Result "1/2-1/2"]
[WhiteElo "2738"]
[BlackElo "2825"]
[Annotator "Marin,M"]
[PlyCount "49"]
[EventDate "2012.06.08"]
[EventType "tourn"]
[EventRounds "9"]
[EventCountry "RUS"]
[EventCategory "22"]
[SourceTitle "CBM 149"]
[Source "ChessBase"]
[SourceDate "2012.07.17"]
[SourceVersion "1"]
[SourceVersionDate "2012.07.17"]
[SourceQuality "1"]

1. d4 d5 2. c4 e6 3. Nf3 Be7 4. g3 Nf6 5. Bg2 O-O 6. O-O dxc4 7. Qc2 a6 8. a4
Bd7 9. Qxc4 Bc6 10. Bf4 Bd6 {Not a bad move, as proven by this game.} ({
The main line goes} 10... a5 {, but White has chances to retain a stable edge
with} 11. Nc3 Na6 12. Rac1 Nb4 13. Ne5 {See for instance Le Quang,L (2681)
-Mamedyarov,S (2761)/Dortmund 2010/CBM 138/[Marin,M] (1/2, 52) and Wang Yue 
(2709)-Onischuk,A (2675)/Ningbo 2011/CBM 144/[Marin,M] (1-0, 29)}) 11. Bg5 Nbd7
12. Nc3 h6 13. Bxf6 Nxf6 14. Nd2 $146 {This new move fails to impress, at
least in this game.} (14. Rfe1 Bxf3 15. Bxf3 c6 {Wang Yue (2697)-Nielsen,P 
(2693)/Beijing 2011/CBM 145 Extra (1/2, 49)}) (14. Rfd1 Qe7 15. Ne5 Bxg2 16.
Kxg2 c5 {Kuzubov,Y (2615)-Bologan,V (2687)/Plovdiv 2012/CBM 148 (1-0, 50)})
14... Bxg2 15. Kxg2 a5 16. Rfd1 Bb4 17. Rac1 Qd7 18. Nf3 Rfd8 19. Ne5 Qe7 20.
e3 c6 21. Qb3 Qc7 22. Nb5 Qb8 23. Nc3 Qc7 24. Nb5 Qb8 25. Nc3 1/2-1/2

[Event "Dortmund SuperGM 38th"]
[Site "Dortmund"]
[Date "2010.07.23"]
[Round "8"]
[White "Le, Quang Liem"]
[Black "Mamedyarov, Shakhriyar"]
[Result "1/2-1/2"]
[WhiteElo "2681"]
[BlackElo "2761"]
[Annotator "Marin,M"]
[PlyCount "104"]
[EventDate "2010.07.15"]
[EventType "tourn"]
[EventRounds "10"]
[EventCountry "GER"]
[EventCategory "20"]
[SourceTitle "CBM 138"]
[Source "ChessBase"]
[SourceDate "2010.09.17"]
[SourceVersion "1"]
[SourceVersionDate "2010.09.17"]
[SourceQuality "1"]

1. Nf3 Nf6 2. c4 e6 3. g3 d5 4. d4 Be7 5. Bg2 O-O 6. O-O dxc4 7. Qc2 a6 8. a4
Bd7 9. Qxc4 ({For} 9. Rd1 {see Leko,P (2734)-Ponomariov,R (2734)/Dortmund 2010/
CBM 138/[Marin] (1/2, 41)}) 9... Bc6 10. Bf4 {This move puts pressure against
the c7-pawn, preventing the freeing operation ...Bd5 followed by ...c5. On the
other hand, White daoes not challenge Black's control over the central light
squares in any way.} (10. Nc3 b5 11. Qd3 b4 $36) (10. Bg5 Bd5 {[%cal Gc7c5]})
10... a5 11. Nc3 Na6 12. Rac1 Nb4 13. Ne5 Bxg2 14. Kxg2 {White has
consolidates his space advantage, but after having occupied the b4-square
Black has a solid position.} Nfd5 15. Nxd5 Qxd5+ {This is the most common
reply, but maybe not the most logical.} ({Since the queenside is blocked and a
pawn break in the centre is not very probable, White's main plan consists of a
slow kingside expansion. From this perspective, it makes a lot of sense for
Black to keep queens on board. Here is an example at high level:} 15... Nxd5
16. Bd2 Bb4 17. Bxb4 Nxb4 18. e4 c6 19. f4 Kh8 20. Rfd1 f6 21. Nf3 Qd7 22. b3
Rad8 23. Rd2 Rfe8 24. h4 Qf7 25. Re1 Qh5 26. Re3 h6 27. Kh3 Qf7 28. Qc5 Qc7 29.
Qh5 Re7 30. Qg4 c5 $1 $132 {Topalov,V (2813)-Jakovenko,D (2742)/Nanjing 2009/
CBM 133 (1/2, 43). Black immediately takes advantage of the fact that the
white queen remained stuck in the kingside for opening the position on the
other wing.}) 16. Qxd5 Nxd5 17. Bd2 c6 18. Nc4 ({Here is a first example of
the possible difficulties faced by Black in the queenless middlegame:} 18. Rfd1
Rfd8 19. e3 Nb4 20. b3 Na2 {These knight jumps clearly show that Black has
little else to do than sit and wait.} 21. Ra1 Nb4 22. Nc4 {We can notice one
important element. In the presence of dark-squared bishops, the pressure
against the a5-pawn is quite unpleasant. Black cannot move his knight easily
and has to keep the rook on a8.} f6 23. g4 {In the meanwhile White carries out
his general plan.} Kf7 24. h3 h5 25. Kf3 hxg4+ 26. hxg4 Nc2 27. Rac1 Nb4 28.
Ke2 Na2 29. Ra1 Nb4 30. Rh1 c5 $6 {So far, Black has been quite patient, but
now he worsens his position.} 31. Bxb4 $1 axb4 32. dxc5 Bxc5 {The weakness of
the b4-pawn is quite dangerous in case of simplifications.} 33. Rac1 Rd5 34.
Rhd1 Rxd1 35. Rxd1 Ke7 36. Rc1 b6 37. Nb2 Bd6 38. Nd3 Rb8 39. Kf3 b5 $6 {
Black's position was anything but funny, but this new pawn move makes things
even worse.} 40. a5 $16 Ra8 41. Ra1 Ra6 42. Ke4 Kf7 43. f4 Bc7 44. Nxb4 Rxa5
45. Rxa5 Bxa5 46. Nc6 Bb6 47. Kd3 {Lysyj,I (2631)-Jojua,D (2530)/Dresden 2010/
(1-0, 69). Black is helpless against the threat Nd4 (...b4, Nc2).}) 18... Bb4
$5 $146 {Not only a new move, but also a new concept! Black intends to
neutralize the pressure against the a5-pawn.} (18... Nb4 {leads to relatively
similar play as in the previous example.} 19. b3 Rfd8 20. e3 f6 21. Rfd1 Kf7
22. g4 Ra6 23. Be1 Rda8 24. Kf3 Na2 25. Rb1 Nb4 26. Bd2 Rd8 27. Ke2 Rd5 28. h3
h5 29. Rg1 hxg4 30. hxg4 b5 $5 {This looks like a consistent plan, but if
White manages to maintain his stability, the c6-pawn may become weak.} 31. Nb2
$1 {[%csl Ga4]} e5 32. dxe5 Rxe5 33. Rbc1 Re6 34. Rgd1 Ra8 35. Bxb4 $1 axb4 36.
Rd7 {Suddenly, White has strong initiative.} Rd8 37. Rc7 bxa4 38. Nxa4 Red6 39.
Rc2 Rd3 40. Nc5 Rc3 41. Rxc3 bxc3 42. Ne4 $16 {Landa,K (2635)-Bellaiche,A 
(2443)/France 2010/CBM 135 Extra (1-0, 89)}) 19. Rfd1 Rfd8 ({The immediate} 
19... f5 $5 {deserves attention.}) 20. Kf3 ({The more resolute} 20. e4 $5 {
comes into consideration:} Bxd2 (20... Nf6 21. Bg5 $14) 21. Rxd2 Nb4 22. f4 f6
(22... f5 {[%csl Gd5]} 23. Kf3 fxe4+ 24. Kxe4 $14 {leaves White with a lot of
space.}) 23. Kf3 Kf7 24. g4 $14) 20... f5 21. Bxb4 $6 {After this premature
exchange, White will be left with permanent queenside problems, preventing him
from focusing on the opposite wing.} (21. Bg5 $1 Re8 22. h4 $14) 21... axb4 $1
(21... Nxb4 22. Ne5 $16) 22. a5 {This move stabilizes the queenside, but
leaves the knight tied up to the defence of the a5-pawn, making the weakness
of the e5-square irrelevant.} (22. b3 {[%csl Gc3]} b5 23. axb5 cxb5 24. Ne5 Nc3
25. Rd3 Rd6 26. Rc2 Ra1 $132) 22... g5 $1 {Black has strong counterplay on the
wing where he was supposed to be put under pressure. The absence of the
d2-bishop makes it felt.} 23. h3 h5 24. e3 Kf8 (24... g4+ $5) 25. g4 Ke7 26.
Rg1 fxg4+ 27. hxg4 h4 28. Ke2 Rdc8 {[%cal Gc6c5] White's position is a bit
uncomfortable. His king is not as active as in some other games with this line,
while the h-pawn may become threatening in case of simplifications.} 29. f4 $5
$132 {An interesting way of changing the course of the game.} gxf4 30. e4 f3+
31. Kxf3 Rf8+ 32. Ke2 Nf4+ 33. Ke3 h3 34. Rg3 Ng2+ 35. Ke2 Nf4+ 36. Ke3 Ng2+
37. Ke2 Kf6 38. Ne5 Kg5 39. Nf3+ Kf4 40. Rxh3 Kxg4 41. Rh2 Nf4+ 42. Ke3 Nd5+
43. exd5 Rxf3+ 44. Ke2 exd5 45. Rg1+ Rg3 46. Rxg3+ Kxg3 {White has managed to
repell the enemy attack and finally can beneffit from the move a4-a5 played
long time ago.} 47. Rh7 $1 $11 Kf4 48. Kd3 Rxa5 49. Rf7+ Kg5 50. Rxb7 Kf5 51.
Rb6 Ra2 52. Rxb4 Ke6 1/2-1/2